Dadabhai Naoroji and the drain theory, (Record no. 67593)

MARC details
000 -LEADER
fixed length control field 00713cam a22002411 4500
001 - CONTROL NUMBER
control field sa 66001098
003 - CONTROL NUMBER IDENTIFIER
control field DLC
005 - DATE AND TIME OF LATEST TRANSACTION
control field 20260227112219.0
008 - FIXED-LENGTH DATA ELEMENTS--GENERAL INFORMATION
fixed length control field 900127s1965 ii b 000 0 eng
010 ## - LIBRARY OF CONGRESS CONTROL NUMBER
LC control number sa 66001098
035 ## - SYSTEM CONTROL NUMBER
System control number (OCoLC)20964500
040 ## - CATALOGING SOURCE
Original cataloging agency DLC
Transcribing agency KU
Modifying agency KU
-- DLC
042 ## - AUTHENTICATION CODE
Authentication code premarc
050 00 - LIBRARY OF CONGRESS CALL NUMBER
Classification number HB125.N35
Item number G35 1965a
100 1# - MAIN ENTRY--PERSONAL NAME
Personal name Ganguli, Birendranath.
245 10 - TITLE STATEMENT
Title Dadabhai Naoroji and the drain theory,
Statement of responsibility, etc. [by] B.N. Ganguli.
260 ## - PUBLICATION, DISTRIBUTION, ETC.
Place of publication, distribution, etc. Bombay,
Name of publisher, distributor, etc. Asia Pub. House,
Date of publication, distribution, etc. [1965]
300 ## - PHYSICAL DESCRIPTION
Extent ix, 152 p.
Dimensions 19 cm.
500 ## - GENERAL NOTE
General note "Dadabhai Naoroji memorial prize fund lecture."
504 ## - BIBLIOGRAPHY, ETC. NOTE
Bibliography, etc. note Bibliographical footnotes.
600 10 - SUBJECT ADDED ENTRY--PERSONAL NAME
Personal name Naoroji, Dadabhai,
Dates associated with a name 1825-1917.
650 #0 - SUBJECT ADDED ENTRY--TOPICAL TERM
Topical term or geographic name entry element Economics.

No items available.

Powered by Koha